000 00824nas a2200277 4500
001 BR8306332
003 BR-BrBNA
005 20231205085722.0
007 ta
008 230509b bl.|||p| |||| 00| 00por d
040 _aBR-BrBNA
_bpor
_cBiblioteca Nacional de Agricultura
041 _a(Pt)
072 _aQ80; Q02
100 1 _aFaria, A. de A.F.
245 1 _aEmbalagens e conservacao de mel de abelha
650 _aEMBALAGEM
650 _aPRESERVACAO DE ALIMENTO
650 _aMEL
650 _aABELHA
650 _aLEGISLACAO
650 _aFERMENTACAO
650 _aCRISTALIZACAO
773 0 _tInforme Agropecuario - Empresa de Pesquisa Agropecuaria de Minas Gerais (Brazil)
_xISSN 0100-3364
_g(Oct 1983), v. 9(106) p. 61-66
_wBR8306332
909 _a202311
_bLúcia
_c55
_dLúcia Elande
942 _2AGRIS
_n0
_cANA
999 _c113331
_d113331